[Event "BL2-W qual"]
[Site "Germany"]
[Date "1991.??.??"]
[Round "?"]
[White "Sygulski, Artur"]
[Black "Schlehoefer, Ralf"]
[Result "1-0"]
[WhiteElo "2360"]
[BlackElo "2310"]

1.d4 Nf6 2.Nf3 d5 3.c4 c6 4.Nc3 e6 5.e3 Nbd7 6.Bd3 dxc4 7.Bxc4 b5 8.Bd3 Bb7
9.e4 b4 10.Na4 c5 11.e5 Nd5 12.Nxc5 Bxc5 13.dxc5 Nxc5 14.Bb5+ Kf8 15.O-O h6
16.Bd2 Ne4 17.Rc1 g6 18.Re1 Nxd2 19.Nxd2 Kg7 20.Ne4 Rb8 21.Nd6 Ba8 22.Bc6 Bxc6
23.Rxc6 Qa5 24.Qb3 Rhd8 25.g3 Ne7 26.Rc4 Rd7 27.h4 Qd5 28.Rd1 Qxe5 29.Ne8+ Rxe8
30.Rxd7 Nd5 31.Qf3 Nf6 32.Rxa7 Qxb2 33.Rcc7 Rf8 34.Qb7 Qb1+ 35.Kg2 Qe4+ 36.Qxe4 Nxe4
37.Rcb7 Nc3 38.Rxb4 Nd5 39.Rbb7 g5 40.a4 gxh4 41.gxh4 Kg6 42.a5 f5 43.a6 Rc8
44.Rg7+ Kh5 45.Raf7 Rc3 46.a7 Nf4+ 47.Kh2  1-0

[Event "BL2-N9091"]
[Site "Germany"]
[Date "1991.??.??"]
[Round "?"]
[White "Muse, Mladen"]
[Black "Blauert, Joerg"]
[Result "1/2-1/2"]
[WhiteElo "2460"]
[BlackElo "2395"]

1.d4 e6 2.Nf3 d5 3.c4 Nf6 4.Nc3 c6 5.e3 Nbd7 6.Be2 Bd6 7.Qc2 O-O 8.O-O e5
9.cxd5 cxd5 10.Nb5 Bb8 11.dxe5 Nxe5 12.Bd2 Ne4 13.Bb4 Nxf3+ 14.Bxf3 Qh4 15.Nc7 Bxc7
16.Qxc7 Re8 17.Bd6 Qf6 18.Bxe4 dxe4 19.b4 Bg4 20.Bc5 Qg6 21.Qg3 Be2 22.Qxg6 hxg6
23.Rfc1 b5 24.a4 bxa4 25.Rxa4 a6 26.Ra2 Bd3 27.f3 exf3 28.gxf3 f6 29.Rd2 Bb5
30.Bb6 Rac8 31.Rdc2 Rxc2 32.Rxc2 Kf7 33.Kf2 g5 34.Kg3 Re7 35.h4 gxh4+ 36.Kxh4 g5+
37.Kg3 Rd7 38.Bd4 Re7 39.Rc5 Re8 40.Rd5 Re7 41.Rf5 Re6 42.Rd5 Re7 43.Rc5 Re8
44.Rc1 Ba4 45.Kf2 Bb5 46.Rc5 Re6 47.Rf5 Bd3 48.Rd5 Bb5 49.Bc5 Re8 50.Kg3 Bc6
51.Rd6 Re6 52.Rd2 Re5 53.Rh2 Kg7 54.Bd4 Re6 55.Rh5 Kg6 56.Rh8 Re8 57.Rh1 Re6
58.Rh2 Bb5 59.Bc5 Re8 60.Rd2 Re6 61.Rd8 Re8 62.Rd6 Bc4 63.Bd4 Re6 64.Rd7 Bb5
65.Ra7 Rd6 66.Ra8 Rd7 67.Rg8+ Rg7  1/2-1/2

[Event "BL2-N9091"]
[Site "Germany"]
[Date "1991.??.??"]
[Round "?"]
[White "Vogel, Robert"]
[Black "Grzesik, Thomas"]
[Result "1/2-1/2"]
[WhiteElo "2285"]
[BlackElo "2285"]

1.d4 d5 2.c4 c6 3.Nc3 Nf6 4.e3 e6 5.Nf3 Nbd7 6.Bd2 Bd6 7.Bd3 O-O 8.O-O dxc4
9.Bxc4 e5 10.Bb3 Qe7 11.Bc2 h6 12.Nh4 Nb6 13.Nf5 Bxf5 14.Bxf5 exd4 15.exd4 Nbd5
16.Qf3 Rfe8 17.Rae1 Qc7 18.g3 Qb6 19.Nxd5 cxd5 20.Bc3 Qc6 21.Rc1 Qa6 22.a3 Qe2
23.Qg2 Qh5 24.Bd3 Rac8 25.f3 Bc7 26.Bb5 Red8 27.Rce1 a6 28.Bd3 Re8 29.f4 Rxe1
30.Rxe1 Re8 31.Rxe8+ Nxe8 32.Qe2 Qxe2 33.Bxe2 Nf6 34.Kf2 Ne4+ 35.Ke3 Bd6
36.Be1 Kf8 37.Bg4 b6 38.Bc8 a5 39.Bb7 Nf6 40.h3 Ke7 41.Kf3 Bc7 42.g4 g5 43.fxg5 hxg5
44.h4 Bf4 45.b4 a4 46.Bc6 Bc1 47.h5 Bxa3 48.Bxa4 Ng8 49.Bc6 Ke6 50.Bb7 Bb2
51.Ke3 Nh6 52.Bc8+ Ke7 53.Kd3 Kd8 54.Bb7 Nxg4 55.Bxd5 Ke7 56.Bd2 f6 57.Ke4 Nh6
58.b5 Ba3 59.Bc4 Kd6 60.Be1 f5+ 61.Kf3 Ke7 62.Bf2 Bd6 63.d5 g4+ 64.Kg2 Bc7
65.Bh4+ Kf8 66.Bd3 f4 67.Bf6 Bd6 68.Bd4 Bc7 69.Bg6 Nf7 70.Bf5 Nh6 71.Bg6 Nf7  1/2-1/2

[Event "BL2-S9091"]
[Site "Germany"]
[Date "1991.??.??"]
[Round "?"]
[White "Effert, Kai"]
[Black "Unrath, Heiko"]
[Result "1-0"]
[WhiteElo "2280"]
[BlackElo "2360"]

1.d4 d5 2.c4 c6 3.Nc3 Nf6 4.e3 e6 5.Nf3 Be7 6.Bd3 dxc4 7.Bxc4 b5 8.Bd3 a6
9.e4 c5 10.dxc5 Bxc5 11.e5 Ng4 12.O-O Ra7 13.Ne4 Be7 14.Qe2 Rd7 15.Rd1 Nc6
16.Bf4 Nb4 17.Nd6+ Bxd6 18.exd6 Nxd3 19.Rxd3 O-O 20.Bg5 f6 21.Rad1 fxg5 22.Qxe6+ Rdf7
23.d7 Nf6 24.dxc8=Q Qxc8 25.Nxg5 Qxe6 26.Nxe6 Re8 27.Rd8 Re7 28.Rxe8+ Nxe8
29.Nc5 Re2 30.Nd3 Nf6 31.Kf1 Rc2 32.Ke1 Rc4 33.f3 h6 34.Rc1 Rh4 35.h3 Rd4
36.Nc5 Rd6 37.Rd1 Rc6 38.b4 a5 39.a3 axb4 40.axb4 Kf7 41.Rd8 Rb6 42.Kf2 g5
43.Ke3 Ke7 44.Rd4 Nh5 45.Rd7+ Ke8 46.Rd2 Kf7 47.Ne4 Ke6 48.Kd4 Rc6 49.Nc5+ Kf7
50.Ke5 Rb6 51.Ne4 Nf4 52.Nd6+ Kg6 53.Ne4 Re6+ 54.Kd4 Rc6 55.g3 Rc4+ 56.Ke5 Nxh3
57.Rd6+ Kg7 58.Kf5 Ng1 59.Rd7+ Kf8 60.Nd6 Rc3 61.f4 Ne2 62.Kf6 Kg8 63.Kg6  1-0

[Event "NRW-Liga II 9091"]
[Site "Germany"]
[Date "1991.??.??"]
[Round "?"]
[White "Kertesz, Alfred"]
[Black "Starke, Dieter"]
[Result "1-0"]
[WhiteElo "2345"]
[BlackElo "2290"]

1.d4 d5 2.Nf3 Nf6 3.c4 c6 4.Nc3 e6 5.e3 Nbd7 6.Bd3 dxc4 7.Bxc4 b5 8.Bd3 Bb7
9.Bd2 a6 10.a4 Be7 11.Qb1 b4 12.Ne4 Nxe4 13.Bxe4 Nf6 14.Ne5 Nxe4 15.Qxe4 Qd6
16.Rc1 Rc8 17.Nd3 a5 18.Nc5 Ba8 19.O-O O-O 20.f4 Bd8 21.Rf3 Qd5 22.Qd3 f5
23.Be1 Bc7 24.Bh4 Bd6 25.Rf2 Bxc5 26.Rxc5 Qd7 27.Qa6 Bb7 28.Qxa5 Ra8 29.Qxb4 Rfb8
30.Rfc2 h6 31.Qa3 Kh7 32.b4 Rc8 33.Qb3 Ba6 34.h3 Rab8 35.Kh2 Bb7 36.Re5 Re8
37.Rcc5 Qd6 38.Qc4 Rbc8 39.Ra5 Ba8 40.Ra7 Kg6 41.Rxf5  1-0

[Event "Bundesliga 9091"]
[Site "Germany"]
[Date "1991.??.??"]
[Round "?"]
[White "Smejkal, Jan"]
[Black "Khalifman, Alexander"]
[Result "1/2-1/2"]
[WhiteElo "2545"]
[BlackElo "2615"]

1.c4 c6 2.d4 d5 3.Nc3 Nf6 4.e3 e6 5.Nf3 Nbd7 6.Be2 Bd6 7.O-O O-O 8.b3 Re8
9.Bb2 dxc4 10.bxc4 e5 11.Qc2 Qe7 12.Rfe1 e4 13.Nd2 Nf8 14.f3 exf3 15.Bxf3  1/2-1/2

[Event "Bundesliga 9091"]
[Site "Germany"]
[Date "1991.??.??"]
[Round "?"]
[White "Mohr, Stefan"]
[Black "Clara, Hans Joachim"]
[Result "1-0"]
[WhiteElo "2430"]
[BlackElo "2420"]

1.d4 d5 2.c4 c6 3.Nc3 Nf6 4.e3 e6 5.Nf3 a6 6.b3 Bb4 7.Bd2 O-O 8.Bd3 Nbd7
9.O-O Qe7 10.Qc2 dxc4 11.bxc4 e5 12.Ne4 Bxd2 13.Nfxd2 Nxe4 14.Nxe4 f5 15.Nd2 e4
16.Be2 c5 17.d5 Ne5 18.Rab1 Rf6 19.Qc3 b6 20.h3 Bd7 21.f3 exf3 22.Nxf3 Nf7
23.Rfe1 Re8 24.Bd3 Qd6 25.e4 fxe4 26.Rxe4 Rxe4 27.Bxe4 Bxh3 28.Qe1 Bd7 29.Bd3 g6
30.Qh4 Kg7 31.Re1 b5 32.Nd2 Bf5 33.Bxf5 gxf5 34.Nf3 h6 35.Re8 Qc7 36.Rg8+ Kxg8
37.Qxf6 bxc4 38.Qxf5 c3 39.Qd3 c4 40.Qxc3 Qc5+ 41.Qd4 Qxd4+ 42.Nxd4 Kf8 43.Kf2 Ke7
44.Nf5+ Kf6 45.Ne3 Nd6 46.Ke2 h5 47.Kd2 Ke5 48.Kc3 Kf4 49.Nxc4 Nf7 50.Kd4 Kg3
51.Ne3 Kf2 52.a4 a5 53.Ke4 Kg3 54.Kf5 Kf2 55.Kf4 Nd6 56.g3 Nb7 57.Nc4 Nc5
58.Nxa5 Nxa4 59.Nb3 Nb6 60.d6 Nd7 61.Nd4 Nc5 62.Nf5 Ne6+ 63.Ke5 Nc5 64.Kd5 Nb7
65.Kc6 Nd8+ 66.Kd7 Nf7 67.Ke7 Ne5 68.d7 Kf3 69.Nd4+  1-0

[Event "Bundesliga 9091"]
[Site "Germany"]
[Date "1991.??.??"]
[Round "?"]
[White "Messmer, Martin"]
[Black "Fecht, Hans Peter"]
[Result "1-0"]
[WhiteElo "2365"]
[BlackElo "2250"]

1.d4 d5 2.Nf3 Nf6 3.c4 c6 4.e3 e6 5.Nc3 Nbd7 6.Qc2 Bd6 7.Bd2 O-O 8.O-O-O Qc7
9.Kb1 dxc4 10.e4 e5 11.Bxc4 b5 12.Bb3 Bb7 13.Bg5 Rad8 14.dxe5 Nxe5 15.Nd4 Ned7
16.Nf5 Bf4 17.Bxf4 Qxf4 18.Nd6 Rb8 19.g3 Qf3 20.Rhe1 Ne5 21.Re3 Qh5 22.f4 Nc4
23.Bxc4 bxc4 24.Nxc4 Ng4 25.Ree1 Ba6 26.Ne3 Nxe3 27.Rxe3 Qc5 28.Ree1 Rb4
29.Rd2 Rfb8 30.Qc1 Bc4 31.Red1 Qa5 32.a3 R4b7 33.Na2 Bb3 34.Re1 Ba4 35.Nb4 c5
36.Rd5 Rb5 37.Nd3 c4 38.Nb4 Rxd5 39.exd5 Qc5 40.Qe3 Qf8 41.Qxa7 Bb5 42.Qc7 Re8
43.Rxe8 Qxe8 44.Qe5 Qa8 45.Nc6 h6 46.Qb8+ Qxb8 47.Nxb8 Kf8 48.Kc2  1-0

[Event "Bundesliga 9091"]
[Site "Germany"]
[Date "1991.??.??"]
[Round "?"]
[White "Breutigam, Martin"]
[Black "Biebinger, Gerhard"]
[Result "1-0"]
[WhiteElo "2330"]
[BlackElo "2290"]

1.d4 Nf6 2.c4 c6 3.Nc3 d5 4.Nf3 e6 5.e3 Nbd7 6.Qc2 Be7 7.b3 O-O 8.Be2 b6
9.O-O Bb7 10.Rd1 Rc8 11.Bb2 Rc7 12.Rac1 Qa8 13.Ne1 Rd8 14.Qb1 Nf8 15.Qa1 Ng6
16.a4 a5 17.Ba3 Bb4 18.cxd5 Bxc3 19.Qxc3 Nxd5 20.Qb2 Rdc8 21.Nd3 Ba6 22.g3 Bb7
23.h4 Nf8 24.Qd2 h6 25.Ne5 c5 26.dxc5 bxc5 27.Nc4 Rd7 28.Qxa5 Qb8 29.Bxc5 Bc6
30.b4 Ba8 31.e4 Nf6 32.Nb6 Rxd1+ 33.Rxd1 Nxe4 34.Qxa8 Qxa8 35.Nxa8 Rxa8 36.Bf3 f5
37.a5 Kf7 38.Rd4 e5 39.Rxe4 fxe4 40.Bxe4 Rd8 41.a6 Ne6 42.a7 Nc7 43.Bb6  1-0

[Event "BL2-W9091"]
[Site "Germany"]
[Date "1991.??.??"]
[Round "?"]
[White "Hermesmann, Hans"]
[Black "Rottstaedt, Werner"]
[Result "0-1"]
[WhiteElo "2345"]
[BlackElo "2265"]

1.d4 d5 2.c4 c6 3.Nc3 Nf6 4.e3 e6 5.Nf3 Bd6 6.Bd3 O-O 7.O-O Nbd7 8.e4 dxc4
9.Bxc4 e5 10.Bg5 Qe7 11.d5 Nb6 12.Nd2 cxd5 13.Bxd5 h6 14.Bh4 Bb4 15.Rc1 Rd8
16.Qb3 g5 17.Bg3 Bxc3 18.Qxc3 Nfxd5 19.exd5 Nxd5 20.Qxe5 Qxe5 21.Bxe5 Re8
22.Rfe1 Bd7 23.Nf3 f6 24.Bd6 Rxe1+ 25.Rxe1 Re8 26.Rd1 Be6 27.Nd4 Kf7 28.Nxe6 Kxe6
29.Bc5 a6 30.Re1+ Kf7 31.Rxe8 Kxe8 32.g4 Kf7 33.f3 Kg6 34.Kf2 h5 35.Bd6 f5
36.h3 Nf6 37.gxf5+ Kxf5 38.Ke3 Nd5+ 39.Kf2 Nf4 40.Bxf4 Kxf4 41.Kg2 a5 42.a4 Ke3
43.Kg3 b6 44.b3 Kd3 45.f4 gxf4+ 46.Kxf4 Kc3 47.Kg5 Kxb3 48.Kxh5 Kxa4 49.Kg5 Kb4  0-1

[Event "BL2-W9091"]
[Site "Germany"]
[Date "1991.??.??"]
[Round "?"]
[White "Pekarek, Ales"]
[Black "Kuijf, Marinus"]
[Result "1-0"]
[WhiteElo "2475"]
[BlackElo "2440"]

1.d4 d5 2.c4 c6 3.Nf3 Nf6 4.Nc3 e6 5.e3 Nbd7 6.Qc2 Bd6 7.Be2 O-O 8.O-O Re8
9.Rd1 Qe7 10.b3 dxc4 11.bxc4 e5 12.Bb2 e4 13.Nd2 Nf8 14.Nf1 Bf5 15.c5 Bc7
16.Ng3 Bg6 17.Ba3 Ba5 18.Qb3 Bxc3 19.Qxc3 Nd5 20.Qb3 Rab8 21.Bc4 Red8 22.Rf1 Ne6
23.Rae1 h5 24.f3 exf3 25.gxf3 Ng5 26.Bc1 h4 27.Ne2 Nh3+ 28.Kh1 Be4 29.Nf4 Bxf3+
30.Rxf3 Nhxf4 31.Ref1 Nh5 32.Qc2 Nhf6 33.Qf5 Qe4 34.Qxe4 Nxe4 35.Rxf7 Nef6
36.R7xf6 gxf6 37.e4 b6 38.exd5 cxd5 39.Ba6 bxc5 40.dxc5 Rb4 41.c6  1-0

[Event "BL2-W9091"]
[Site "Germany"]
[Date "1991.??.??"]
[Round "?"]
[White "Rieke, Theo"]
[Black "Kreutzkamp, Reinhold"]
[Result "0-1"]
[WhiteElo "2235"]
[BlackElo "2250"]

1.c4 c6 2.Nf3 d5 3.e3 Nf6 4.Nc3 e6 5.d4 Nbd7 6.Bd3 dxc4 7.Bxc4 b5 8.Bd3 a6
9.e4 c5 10.d5 c4 11.dxe6 fxe6 12.Bc2 Qc7 13.O-O Bb7 14.Ng5 Nc5 15.e5 Qxe5
16.Re1 Qd6 17.Qxd6 Bxd6 18.Nxe6 Nxe6 19.Rxe6+ Kd7 20.Bf5 Kc7 21.Re1 Rhe8
22.Bg5 h6 23.Bh4 g5 24.Bg3 Bxg3 25.hxg3 Rad8 26.Bg6 Rxe1+ 27.Rxe1 Bc6 28.Re6 Rd6
29.Rxd6 Kxd6 30.f4 b4 31.Ne2 Kc5 32.Kf2 Ng4+ 33.Ke1 Bxg2 34.Kd2 Nf6 35.fxg5 hxg5
36.Ke3 Nd5+ 37.Kd2 Bf3 38.Bf5 Bxe2 39.Kxe2 Kd4 40.Kd2 a5 41.Bg6 c3+ 42.bxc3+ Nxc3
43.Bf7 Ne4+ 44.Kc2 Nxg3 45.Kb3 Kc5  0-1

[Event "BL2-W9091"]
[Site "Germany"]
[Date "1991.??.??"]
[Round "?"]
[White "Wintzer, Joachim"]
[Black "Serrer, Christoph"]
[Result "1/2-1/2"]
[WhiteElo "2310"]
[BlackElo "2305"]

1.c4 c6 2.Nc3 d5 3.d4 e6 4.e3 Nf6 5.Nf3 Nbd7 6.Qc2 Bd6 7.Be2 O-O 8.O-O dxc4
9.Bxc4 e5 10.Bb3 Qe7 11.Bd2 e4 12.Ng5 Bxh2+ 13.Kxh2 Ng4+ 14.Kg1 Qxg5 15.Qxe4 Nb6
16.Ne2 Qh5 17.Qf4 Nd5 18.Bxd5 Qxd5 19.f3 Nf6 20.b3 Qb5  1/2-1/2

[Event "Regionalliga NordS"]
[Site "Germany"]
[Date "1991.??.??"]
[Round "?"]
[White "Lagunow, Alexander"]
[Black "Lueders, Gerhard"]
[Result "1/2-1/2"]
[WhiteElo "2445"]
[BlackElo "2215"]

1.d4 d5 2.Nf3 Nf6 3.c4 c6 4.Nc3 e6 5.e3 Ne4 6.Bd3 f5 7.Ne5 g6 8.O-O Nd7 9.Nxd7 Bxd7
10.f3 Nd6 11.cxd5 cxd5 12.e4 dxe4 13.fxe4 Qb6 14.exf5 Qxd4+ 15.Kh1 Nxf5 16.Rxf5 gxf5
17.Qh5+ Kd8 18.Bg5+ Be7 19.Rd1 Qg4 20.Qf7 Qxg5 21.Bb5 Kc8 22.Rxd7 Rd8 23.Qxe6 Rxd7
24.Qxd7+ Kb8 25.Bf1 a6 26.Nd5 Qc1 27.Qxf5 Bd6 28.Nb6 Qe3 29.Qc8+ Ka7 30.Qxa8+ Kxb6
31.Qd8+ Bc7 32.Qd3 Qf2 33.Qe2 Qd4 34.Qd3 Qc5 35.Qxh7 Ka7 36.Qb1 Qh5 37.g3 Bxg3
38.Qc2 Bd6 39.Qe2 Qd5+  1/2-1/2

[Event "Regionalliga NordS"]
[Site "Germany"]
[Date "1991.??.??"]
[Round "?"]
[White "Juhnke, Karl"]
[Black "Lueders, Gerhard"]
[Result "0-1"]
[WhiteElo "2305"]
[BlackElo "2215"]

1.d4 d5 2.c4 c6 3.Nc3 Nf6 4.e3 e6 5.Nf3 Ne4 6.Qc2 f5 7.Be2 Bd6 8.O-O Nd7
9.b3 O-O 10.a4 Rf6 11.Ba3 Bb8 12.Rac1 b6 13.cxd5 exd5 14.Nxd5 cxd5 15.Qxc8 Bxh2+  0-1

[Event "Regionalliga NordS"]
[Site "Germany"]
[Date "1991.??.??"]
[Round "?"]
[White "Chochulski, Artur"]
[Black "Lueders, Gerhard"]
[Result "1-0"]
[WhiteElo "2290"]
[BlackElo "2215"]

1.d4 d5 2.c4 c6 3.Nf3 Nf6 4.Nc3 e6 5.e3 Nbd7 6.b3 Ne4 7.Nxe4 dxe4 8.Nd2 f5
9.Bb2 c5 10.dxc5 Nxc5 11.Qh5+ g6 12.Qh3 e5 13.Bxe5 f4 14.g4 Rg8 15.exf4 h5
16.Qe3 Bxg4 17.b4 Nd3+ 18.Bxd3 Qxd3 19.c5 O-O-O 20.Qxd3 exd3 21.f3 Bh3 22.Kf2 g5
23.Rhg1 Be7 24.fxg5 Rxg5 25.Rxg5 Bxg5 26.Ne4 Rg8 27.Rd1 Bh6 28.f4 Rg2+ 29.Ke3 Re2+
30.Kd4 Rxa2 31.Nd6+ Kd7 32.Kc4 Be6+ 33.Kb5 Bg4 34.Rxd3 Be2 35.Nc4+ Ke8 36.Bb8  1-0

[Event "Aandalucia-ch"]
[Site "Granada"]
[Date "1991.??.??"]
[Round "3"]
[White "Oliva, P."]
[Black "Nuevo Perez, Antonio"]
[Result "1-0"]
[WhiteElo "2225"]
[BlackElo "2250"]

1.d4 Nf6 2.c4 c6 3.Nf3 d5 4.Nc3 e6 5.e3 Nbd7 6.Bd3 Be7 7.O-O O-O 8.Qe2 b6
9.e4 dxe4 10.Nxe4 Bb7 11.Bf4 Nxe4 12.Bxe4 Nf6 13.Bc2 c5 14.Rad1 Qe8 15.Rfe1 cxd4
16.Nxd4 Bc5 17.Be5 Qe7 18.a3 Rad8 19.b4 Bd6 20.Nf5 exf5 21.Bxd6 Qxe2 22.Rxe2 Rfe8
23.Rxe8+ Nxe8 24.Be5 Rxd1+ 25.Bxd1 Kf8 26.Bb8 a6 27.Be2 Bc6 28.f3 b5 29.Kf2 Ke7
30.Ke3 Nf6 31.Be5 Nd7 32.Bxg7 Nb6 33.cxb5 Bxb5 34.Bxb5 axb5 35.Kd4 Kd6 36.h4 Nd5
37.h5 f4 38.Be5+ Ke6 39.Bb8 f6 40.Kc5 Ne3 41.Bxf4 Nxg2 42.Bb8 Ne1 43.Kxb5 Nxf3
44.a4 Kd7 45.Kc5 Ng5 46.b5 Kc8 47.Bh2 Kb7 48.a5 Ne6+ 49.Kd5 Ng5 50.a6+ Kb6
51.Bg1+ Kc7 52.b6+  1-0

[Event "Anadalucia-chT"]
[Site "Granada"]
[Date "1991.??.??"]
[Round "4"]
[White "Oliva, P."]
[Black "Duran Leon, Ramon"]
[Result "0-1"]
[WhiteElo "2225"]
[BlackElo "2145"]

1.d4 d5 2.c4 e6 3.Nc3 c6 4.e3 Nf6 5.Nf3 Bd6 6.Bd3 Nbd7 7.O-O O-O 8.Qe2 Re8
9.e4 dxe4 10.Nxe4 Nxe4 11.Bxe4 f5 12.Bg5 Nf6 13.Bc2 h6 14.Bxf6 Qxf6 15.c5 Bc7
16.Ne5 Re7 17.Rfe1 Ba5 18.Red1 Bd7 19.a3 a6 20.Rd3 Be8 21.Rad1 Bc7 22.Re3 Rd8
23.b4 Qh4 24.Nf3 Qf6 25.Bb3 Bf7 26.Ne5 f4 27.Red3 Kh8 28.Qe4 Be8 29.R3d2 Bh5
30.f3 Be8 31.Re1 g5 32.Bc2 Qg7 33.h4 Rd5 34.Bb3 Bxe5 35.Bxd5 exd5  0-1

[Event "Groningen"]
[Site "Groningen"]
[Date "1991.??.??"]
[Round "?"]
[White "Piket, Jeroen"]
[Black "Brenninkmeijer, Joris"]
[Result "1-0"]
[WhiteElo "2590"]
[BlackElo "2525"]

1.d4 d5 2.c4 c6 3.Nc3 Nf6 4.e3 e6 5.Nf3 Nbd7 6.Bd3 dxc4 7.Bxc4 b5 8.Be2 Bb7
9.O-O a6 10.e4 c5 11.e5 Nd5 12.a4 b4 13.Ne4 h6 14.Nfd2 Be7 15.Nc4 O-O 16.Ncd6 Bxd6
17.Nxd6 Bc6 18.a5 cxd4 19.Qxd4 f6 20.f4 Qc7 21.Bd2 Qa7 22.Qxa7 Rxa7 23.Rfc1 Nb8
24.Rc4 fxe5 25.fxe5 Bb5 26.Nxb5 axb5 27.Rc5  1-0

[Event "Groningen"]
[Site "Groningen"]
[Date "1991.??.??"]
[Round "5"]
[White "Ftacnik, Lubomir"]
[Black "Brenninkmeijer, Joris"]
[Result "1/2-1/2"]
[WhiteElo "2575"]
[BlackElo "2525"]

1.d4 d5 2.c4 c6 3.Nc3 Nf6 4.e3 e6 5.Nf3 Nbd7 6.Be2 Bd6 7.O-O O-O 8.Qc2 dxc4
9.Bxc4 a6 10.a4 c5 11.dxc5 Bxc5 12.Bd2 Qc7 13.Ne4 Be7 14.Rfc1 Ne5 15.Nxe5 Qxe5
16.Nxf6+ Bxf6 17.Bc3 Qg5 18.Bxf6 Qxf6 19.Bd3 g6 20.Be4 Qe7 21.Qc5 Qxc5 22.Rxc5 Rd8
23.Rc7 Rb8 24.Rac1 Bd7 25.b3 Bc6 26.Bxc6 bxc6 27.g3 Rxb3 28.R7xc6 Rd2 29.Rxa6 Rbb2
30.Rf1  1/2-1/2

[Event "Guildford"]
[Site "Guildford"]
[Date "1991.??.??"]
[Round "?"]
[White "Teske, Henrik"]
[Black "Varga, Zoltan"]
[Result "1/2-1/2"]
[WhiteElo "2395"]
[BlackElo "2400"]

1.d4 d5 2.Nf3 c6 3.e3 Nf6 4.c4 e6 5.Nc3 Bd6 6.Bd3 a6 7.O-O dxc4 8.Bxc4 b5
9.Bd3 c5 10.a4 cxd4 11.Ne4 b4 12.b3 Be7 13.Nxd4 Bb7 14.Nxf6+  1/2-1/2

[Event "Guildford"]
[Site "Guildford"]
[Date "1991.??.??"]
[Round "?"]
[White "Ward, Christopher"]
[Black "Varga, Zoltan"]
[Result "1/2-1/2"]
[WhiteElo "2440"]
[BlackElo "2400"]

1.c4 c6 2.Nf3 d5 3.e3 Nf6 4.Nc3 e6 5.d4 Nbd7 6.Qc2 Bd6 7.b3 O-O 8.Be2 Qe7
9.O-O dxc4 10.bxc4 e5  1/2-1/2

[Event "Gyor-J"]
[Site "Gyor"]
[Date "1991.??.??"]
[Round "?"]
[White "Makarjev, Ilja"]
[Black "Ceteras, Marius"]
[Result "1/2-1/2"]
[WhiteElo "2345"]
[BlackElo "2280"]

1.d4 d5 2.c4 c6 3.Nf3 Nf6 4.Nc3 e6 5.e3 Nbd7 6.Qc2 Bd6 7.Be2 O-O 8.O-O Qe7
9.e4 dxe4 10.Nxe4 Nxe4 11.Qxe4 Nf6 12.Qh4 c5 13.Bf4  1/2-1/2

[Event "Gyor-J"]
[Site "Gyor"]
[Date "1991.??.??"]
[Round "?"]
[White "Zvjaginsev, Vadim"]
[Black "Ceteras, Marius"]
[Result "1/2-1/2"]
[WhiteElo "2400"]
[BlackElo "2280"]

1.d4 d5 2.c4 c6 3.e3 Nf6 4.Nc3 e6 5.Nf3 Nbd7 6.Qc2 Bd6 7.Be2 O-O 8.O-O e5
9.cxd5 cxd5 10.dxe5 Nxe5 11.Rd1 Nxf3+ 12.Bxf3 Qc7 13.h3 Bh2+ 14.Kh1 Be5 15.Bd2 Be6
16.Qd3 Rfd8 17.Nb5 Qd7 18.Bc3 Bb8 19.Bxf6 gxf6 20.Nc3 Qd6 21.g3 Bxh3 22.Nxd5 Kg7
23.Qd4 Qe5 24.Rac1 Be6 25.b3 Qxd4 26.Rxd4 Be5 27.Rd2 Rd7 28.e4 Rad8 29.Rcd1 f5
30.Kg2 h6 31.Rd3 fxe4 32.Bxe4 b6 33.Ne3 Rxd3 34.Rxd3 Rxd3 35.Bxd3 Kf6 36.Kf3 Bd4
37.Ke4 Bc5 38.f4 Bc8 39.Bc4 Bb7+ 40.Bd5 Bxe3  1/2-1/2

[Event "Gyor-J"]
[Site "Gyor"]
[Date "1991.??.??"]
[Round "?"]
[White "Seres, Lajos"]
[Black "Ceteras, Marius"]
[Result "1/2-1/2"]
[WhiteElo "2305"]
[BlackElo "2280"]

1.Nf3 d5 2.d4 Nf6 3.c4 c6 4.Nc3 e6 5.e3 Nbd7 6.Bd3 dxc4 7.Bxc4 b5 8.Bd3 Bb7
9.e4 b4 10.Na4 c5 11.e5 Nd5 12.Nxc5 Nxc5 13.dxc5 Bxc5 14.O-O h6 15.Nd2 Nc3
16.Qc2 Qd5 17.Nf3 Rd8 18.Ne1 Bd4 19.Bd2 Nb5 20.Bxb4 Bxe5 21.Rc1 Bd6 22.Qa4 a6
23.Bxd6 Rxd6 24.Rc4 f5 25.Be2 Rc6 26.b3 Qd7 27.Nd3 O-O 28.Nc5 Qc8 29.Nxb7 Qxb7
30.Bf3 Rxc4 31.bxc4 Nc3 32.Qa5 Ne4 33.Qe5 Qc6 34.Rc1 Rd8 35.h3 Rd2 36.c5 Rxa2
37.Bxe4 fxe4 38.Rd1 Rc2 39.Rd6 Qc8 40.Rxe6 Rxc5 41.Qxe4 Rc1+ 42.Kh2 Qb8+
43.g3 Rc8 44.Rxa6 Rf8 45.Qd4 Qd8 46.Qxd8 Rxd8 47.g4 Kf7 48.Kg3 Rd4 49.h4 Rb4
50.h5 Rc4 51.f3 Rb4 52.Ra3 Kf6 53.Re3 Ra4 54.Re4 Ra6 55.Kf4 Rb6 56.Rd4 Ra6
57.Ke4 Ke6 58.Rb4 Rc6 59.f4 Ra6 60.Rc4 Rb6 61.g5 hxg5 62.fxg5 Kf7 63.Rc7+ Kf8
64.Kf5 g6+ 65.hxg6 Kg8 66.Rf7 Ra6 67.Rf6 Ra5+ 68.Kg4 Ra1 69.Rf4 Kg7  1/2-1/2

[Event "Hamburg SKA"]
[Site "Hamburg"]
[Date "1991.??.??"]
[Round "?"]
[White "Hansen, Curt"]
[Black "Mueller, Karsten"]
[Result "1/2-1/2"]
[WhiteElo "2565"]
[BlackElo "2425"]

1.c4 e6 2.Nc3 d5 3.d4 c6 4.e3 Nf6 5.Nf3 Nbd7 6.Bd3 dxc4 7.Bxc4 b5 8.Bd3 Bb7
9.e4 b4 10.Na4 c5 11.e5 Nd5 12.dxc5 Qa5 13.O-O Nxc5 14.Nxc5 Bxc5 15.Ng5 Be7
16.Qg4 Bxg5 17.Bxg5 Ba6 18.Bxa6 Qxa6 19.Rfc1 Qd3 20.a3 O-O 21.axb4 Qg6 22.h3 h6
23.Bd2 Qxg4 24.hxg4 Rfb8 25.Rc4 Rb7 26.Re1 Rab8 27.Ree4 Nb6 28.Rc6 Nd5 29.Rcc4 Nb6
30.Rc5 Nd5 31.Rcc4 Nb6  1/2-1/2

[Event "Hamburg SKA"]
[Site "Hamburg"]
[Date "1991.??.??"]
[Round "?"]
[White "Mueller, Karsten"]
[Black "Knaak, Rainer"]
[Result "0-1"]
[WhiteElo "2425"]
[BlackElo "2515"]

1.d4 e6 2.Nf3 d5 3.c4 Nf6 4.Nc3 c6 5.e3 Nbd7 6.Bd3 dxc4 7.Bxc4 b5 8.Be2 b4
9.Na4 Bb7 10.O-O Be7 11.Bd2 O-O 12.Qc2 a5 13.a3 bxa3 14.bxa3 c5 15.dxc5 Be4
16.Bd3 Bxf3 17.gxf3 Nxc5 18.Nxc5 Bxc5 19.Bc3 Rc8 20.Ba6 Ra8 21.Be2 Bd6 22.Kh1 Rc8
23.Qb2 Rb8 24.Qd2 Nd5 25.Bxa5 Qh4 26.f4 Nxf4 27.Qxd6 Nxe2 28.Qd2 Qh5 29.f3 Ng3+
30.Kg1 Nxf1 31.Rxf1 Rb5 32.Bb4 Rd5 33.Qe2 Rfd8 34.Kh1 h6 35.e4 Rd3 36.Qg2 Rd1
37.Bc3 Rxf1+ 38.Qxf1 Qc5 39.Qa1 Qf2 40.Qg1 Qxf3+  0-1

[Event "Hamburg SKA"]
[Site "Hamburg"]
[Date "1991.??.??"]
[Round "?"]
[White "Bischoff, Klaus"]
[Black "Lobron, Eric"]
[Result "0-1"]
[WhiteElo "2495"]
[BlackElo "2545"]

1.c4 c6 2.Nf3 d5 3.e3 Nf6 4.Nc3 e6 5.d4 Nbd7 6.Qc2 Bd6 7.Be2 O-O 8.O-O dxc4
9.Bxc4 b5 10.Be2 Bb7 11.b3 e5 12.Bb2 Re8 13.dxe5 Nxe5 14.Rad1 Qc7 15.Ng5 Ng6
16.g3 Be5 17.Bf3 Qe7 18.Bg2 Qc5 19.Nge4 Nxe4 20.Bxe4 Bxc3 21.Bxc3 Rxe4 22.Qxe4 Qxc3
23.Rd7 Ba6 24.Rfd1 b4 25.Rd8+ Rxd8 26.Rxd8+ Nf8 27.Qe7 Qa1+ 28.Kg2 Bf1+ 29.Kf3 Qf6+
30.Qxf6 gxf6 31.e4 Kg7 32.Ke3 Ne6 33.Rd1 Bb5 34.f4 a5 35.Rc1 Kf8 36.f5 Nd8
37.Kd4 Nb7 38.e5 Ke7 39.g4 fxe5+ 40.Kxe5 f6+ 41.Kf4 a4 42.bxa4 Bxa4 43.h4 Kf7
44.Rc4 c5 45.Re4 Bd7 46.Re1 c4 47.Ke3 Nc5 48.Kd4 Nd3 49.Rg1 Bb5 50.Rg2 c3
51.a4 Ne1  0-1

[Event "Hamburg-ch"]
[Site "Hamburg"]
[Date "1991.??.??"]
[Round "7"]
[White "Stelting, Thorsten"]
[Black "Nogly, Christoph"]
[Result "0-1"]
[WhiteElo "2245"]
[BlackElo "2250"]

1.d4 d5 2.c4 e6 3.Nc3 c6 4.e3 Nf6 5.Nf3 Nbd7 6.Bd3 dxc4 7.Bxc4 b5 8.Bb3 b4
9.Ne2 Be7 10.O-O O-O 11.Ng3 c5 12.e4 cxd4 13.e5 Nd5 14.Qxd4 Bb7 15.Qg4 Kh8
16.Re1 Rc8 17.Bg5 Bxg5 18.Nxg5 h6 19.Nf3 Ne7 20.Ne4 Ng6 21.Qg3 Nc5 22.Nxc5 Rxc5
23.Bxe6 Bxf3 24.gxf3 fxe6 25.Qxg6 Rxf3 26.Qe4 Qg5+ 27.Kf1 Rf4 28.Qa8+ Kh7
29.Rad1 Rc2 30.Qxa7 Qh4 31.Re2 Rxe2 32.Kxe2 Qg4+ 33.f3 Rxf3 34.Kd2 Qc4 35.Rc1 Qd3+  0-1

[Event "Hartberg op"]
[Site "Hartberg"]
[Date "1991.??.??"]
[Round "5"]
[White "Plachetka, Jan"]
[Black "Trichkov, Vasil"]
[Result "0-1"]
[WhiteElo "2425"]
[BlackElo "2290"]

1.c4 c6 2.Nf3 d5 3.d4 Nf6 4.e3 e6 5.Nc3 Nbd7 6.Qc2 Bd6 7.b3 O-O 8.Bb2 Re8
9.Be2 Qa5 10.O-O dxc4 11.bxc4 e5 12.c5 Bb8 13.Bc4 Qc7 14.g3 exd4 15.exd4 Nf8
16.Rfe1 Be6 17.Ne4 Nd5 18.Nd6 Rd8 19.Ng5 Qd7 20.a4 Bxd6 21.cxd6 Bf5 22.Qb3 Qxd6
23.Ba3 Qg6 24.Nf3 Rab8 25.Bc5 b6 26.Be7 Re8 27.Ne5 Qe6 28.Nxc6 Qxc6 29.Bxd5 Qg6
30.Qa3 Ne6 31.Bd6 Rbd8 32.Bc6 Nxd4 33.Rxe8+ Rxe8 34.Bxe8 Nc2 35.Qf3 Nxa1
36.Be5 Nc2 37.Bd7 Be4 38.Qc3 h6 39.f3 Bd3 40.g4 Ne3 41.Qc8+ Kh7 42.Qf8 Nc4
43.Bd4 Nd6 44.Kf2 Nb7 45.h4 h5 46.gxh5 Qh6 47.Qxf7 Nd6 48.Qd5 Qf4 49.Qe5 Ne4+
50.Kg1 Qc1+ 51.Kh2 Qd2+ 52.Kh3 Bf1+ 53.Kg4 Nf6+ 54.Kg3 Qg2+ 55.Kf4 Qh2+ 56.Kg5 Qxe5+
57.Bxe5 Nxd7 58.Bd4 a5 59.f4 Bc4 60.f5 Bb3  0-1

[Event "Hastings Challengers9192"]
[Site "Hastings"]
[Date "1991.??.??"]
[Round "?"]
[White "Ward, Christopher"]
[Black "Neverov, Valeriy"]
[Result "0-1"]
[WhiteElo "2435"]
[BlackElo "2540"]

1.d4 d5 2.c4 e6 3.Nc3 c6 4.e3 Nf6 5.Nf3 Nbd7 6.Qc2 Bd6 7.b3 O-O 8.Be2 b6
9.O-O Bb7 10.Rd1 Qe7 11.e4 dxe4 12.Nxe4 Nxe4 13.Qxe4 Nf6 14.Qh4 c5 15.Be3 Rad8
16.dxc5 Bxc5 17.Bxc5 Qxc5 18.Qg5 Qa3 19.Qc1 Rxd1+ 20.Qxd1 Qe7 21.Qe1 e5 22.Qc3 Re8
23.b4 g6 24.Rd1 Nh5 25.g3 Ng7 26.c5 bxc5 27.Qxc5 Nf5 28.Qxe7 Rxe7 29.g4 Bxf3
30.Bxf3 Nd4 31.Be4 f5 32.gxf5 gxf5 33.Bd5+ Kg7 34.Kf1 Rd7 35.Bg2 Kf6 36.a4 e4
37.b5 Ke5 38.Rc1 Nb3 39.Rc3 Rd1+ 40.Ke2 Rb1 41.Rc7 Nd4+ 42.Kd2 Rb2+ 43.Ke1 Re2+
44.Kf1 Ra2 45.Bxe4 Kxe4 46.Rxa7 Kf3 47.Ke1 Nxb5 48.Rxh7 Ra1+ 49.Kd2 Rxa4
50.h4 Nd6 51.h5 Ne4+ 52.Kc2 Ra2+ 53.Kb3 Rxf2 54.h6 Rh2  0-1